|
|
|
|
| LEADER |
01011nab#a2200313#ar4500 |
| 001 |
000074640 |
| 003 |
SVKKK |
| 005 |
20050216xxxxxxx. |
| 008 |
06 c xo huno |
| FMT |
|
|
|
| 038 |
|
|
|a SVKKK
|
| 040 |
|
|
|a SVKKK
|b slo
|e AACR2
|
| 041 |
0 |
|
|a hun
|
| 044 |
|
|
|a xo
|c SK
|
| 080 |
|
|
|a 343.5/.6
|
| 242 |
1 |
0 |
|a Odsudení predražovatelia potravín
|
| 245 |
0 |
0 |
|a Elitélt árdrágitók
|
| 500 |
|
|
|a mikrofilm
|
| 520 |
2 |
|
|a Správa o tom že pre predražovanie boli odsúdení obchodníci, Lazar Moskovics z Humenného (artikel predajný = alkohol) a [?] Berger mliekar z obce Ptičie, na zaplatenie pokuty 400 korún.
|
| 650 |
0 |
4 |
|a predražovanie - Moskovics, Lazar (obchodník s alkoholom) - Berger, ? (mliekar) - Ptičie (HN) - pokuta finančná - rok 1917 - správy
|
| 773 |
0 |
|
|t Felvidéki Hirlap
|g Roč. 11, č. 7 (02.09.1917) s. 3
|
| 957 |
|
|
|a Humenné
|
| 957 |
|
|
|a Ptičie
|
| 958 |
|
|
|a DG
|
| 958 |
|
|
|a SK
|
| 974 |
|
|
|a Ba
|d 20050216
|
| 992 |
|
|
|a RBX
|
| BAS |
|
|
|
| 998 |
|
|
|a RETRO
|